| 000 | 01321nam a22002777a 4500 | ||
|---|---|---|---|
| 005 | 20170324124350.0 | ||
| 008 | 140714b xxu||||| |||| 00| 0 Urdu d | ||
| 010 | _aUR-8591 B-548304 B- 665943 | ||
| 020 |
_c300.00 _a9789381029145 |
||
| 035 | _aU-7146 B-548304 B-665943 | ||
| 037 | _bBPPD/Publishers/Venders | ||
| 037 | _bDBAD/Pub. | ||
| 037 | _bStar Pub.(Ven.)/Arshia Pub.(Pub.) | ||
| 040 |
_aDPL _bUrdu |
||
| 082 | _a ک | ||
| 100 | _aمتر جم :خو ر شيد ا قبا ل | ||
| 245 |
_aا ک شب آ و ا ر گی :ا فر يقی ا فسا نے _cمتر جم :خو ر شيد ا قبا ل |
||
| 246 |
_aEk Shab-e- Awargi(A collection of African Short stories) _bTranslated by : Khursheed Eqbal |
||
| 260 |
_bArshia Publictions _bStar Publications.( Vender) _c2011 |
||
| 260 | _a4/5Asaf Ali Road,New Delhi-110002 | ||
| 270 |
_aA-170,Ground Floor, 3,Surya Apartment, Dilshad Colony, _b دھلی _e110095 _k9971775969 |
||
| 300 |
_a304ص _c22Cm(Pb) |
||
| 942 |
_2ddc _cUR _mخ و ر _h ک |
||
| 999 |
_c87810 _d87810 |
||